| 000 | 01086nam a22002657a 4500 | ||
|---|---|---|---|
| 005 | 20101206113148.0 | ||
| 008 | 101206t xxu||||| |||| 00| 0 hin d | ||
| 010 | _aHIN-91338 | ||
| 020 |
_c150.00 _a9788185194943 |
||
| 035 | _aHN-63684 | ||
| 037 | _bDBAD/PUB | ||
| 040 |
_aDPL _bHN |
||
| 082 | _a306 | ||
| 100 |
_924598 _aगोयल, रामकुमार |
||
| 245 |
_aस्वर्ग का द्वार / _cरामकुमार गोयल |
||
| 246 |
_aSwarg kaa Dawar _bby Ramkumar Goyal |
||
| 260 |
_aहैदराबाद _bबुकलिंक्स कारपोरेशन _c2010 |
||
| 270 |
_a3-4-423/5, नारायणगुडा _bहैदराबाद _e500029 _k040- 27567068 _mbklbooklimks@gmail.com |
||
| 300 |
_axxviii,261पृ. _c22सेमी (अजिल्द) |
||
| 650 | _91169 | ||
| 700 | _924599 | ||
| 700 | _924924 | ||
| 942 |
_2ddc _cHN _mगोयल _h306 |
||
| 999 |
_c49298 _d49298 |
||